• 首页
  • 本馆介绍
  • 公告通知
  • 最新文献
  • 馆藏检索
  • 电子资源
  • 读者导购
  • 参考咨询
  • 我的图书馆
  • 登录
  • 详细信息显示
  • 放入我的书架
  • 预约/预借图书
  • 作者相关作品
  • 分类相关作品
  • 丛书相关作品
  • 出版社相关作品

书目信息

  • 表格格式
  • 工作单格式
  • 卡片格式
题名:
无器械瘦身塑形
    
 
作者: 崔诚祚 著 ;李欣 , 任闳煜 译
分册: 4   打造完美曲线的周运动方案
出版信息: 北京   中国轻工业出版社  2017.01
页数: 239页
开本: 26cm
丛书名:
单 册:
中图分类: TS974.14
科图分类:
主题词: 减肥--基本知识
电子资源:
ISBN: 978-7-5184-1020-0
000 01140nam0 2200277 450
001 0120161763278
005 20170327101928.65
010    @a978-7-5184-1020-0@dCNY58.00
100    @a20170109d2017 em y0chiy50 ea
101 1  @achi@ckor
102    @aCN@b110000
105    @aak z 000yy
106    @ar
200 1  @a无器械瘦身塑形@9wu qi xie shou shen su xing@h4@i打造完美曲线的周运动方案@dSlimming & fitness@h4@iWeek training schedule to lose fat and get in shape@f(韩)崔诚祚著@g李欣,任闳煜译@zeng
210    @a北京@c中国轻工业出版社@d2017.01
215    @a239页@c图,照片@d26cm
330    @a本书主要内容包括:青花鱼教练让你的赘肉“嗖”地不见的4周运动方案;根据不同情况,可自由选择的每天10分钟阶段运动;不需要运动器械的徒手运动法;更高效的1-4周系统减肥食谱等。
333    @a健身好爱好者
510 1  @aSlimming & fitness@h4@iWeek training schedule to lose fat and get in shape@zeng
606 0  @a减肥@x基本知识
690    @aTS974.14@v5
701  0 @c(韩)@a崔诚祚@9cui cheng zuo@4著
702  0 @a李欣@9li xin@4译
702  0 @a任闳煜@9ren hong yu@4译
801  0 @aCN@b人天书店@c20170109
905    @b982376-79@dTS974.14@e459:4@f4
    
    无器械瘦身塑形.4.打造完美曲线的周运动方案=Slimming & fitness.4.Week training schedule to lose fat and get in shape/(韩)崔诚祚著/李欣,任闳煜译.-北京:中国轻工业出版社,2017.01
    239页:图,照片;26cm
    使用对象:健身好爱好者
    
    ISBN 978-7-5184-1020-0:CNY58.00
    本书主要内容包括:青花鱼教练让你的赘肉“嗖”地不见的4周运动方案;根据不同情况,可自由选择的每天10分钟阶段运动;不需要运动器械的徒手运动法;更高效的1-4周系统减肥食谱等。
●
相关链接 在E读中查询图书 在五车中查询图书 在当当中查询图书 在豆瓣中查询图书


正题名:无器械瘦身塑形     索取号:TS974.14/459:4         预约/预借

序号 登录号 条形码 馆藏地/架位号 状态 备注
1 982376   209823761   第二样本阅览室/ [索取号:TS974.14/459:4] 在馆    
2 982377   209823770   第三借阅区/ [索取号:TS974.14/459:4] 在馆    
3 982378   209823789   第三借阅区/ [索取号:TS974.14/459:4] 在馆    
4 982379   209823798   第三借阅区/ [索取号:TS974.14/459:4] 在馆    
唐山师范学院图书馆 欢迎您!
大连网信软件有限公司© 版权所有